00261nam a2200097Ia 4500008004100000020001800041100002200059245004200081260002600123300001400149171205s9999 xx 000 0 und d a9781635495652 aBallard, Desmond. cDesmond BallardaDiscrete Mathematics bLarsen & Kellerc2017 a301 pages